| 000 | 00601nam a22001577a 4500 | ||
|---|---|---|---|
| 003 | OSt | ||
| 005 | 20150914115600.0 | ||
| 008 | 150914b xxu||||| |||| 00| 0 eng d | ||
| 040 | _cRUA | ||
| 082 | _aAGR NOP 1999 B021 Or.1 | ||
| 100 |
_9456 _aNOP, THUNVUTH. |
||
| 245 | _aStudy on cidse's svay rieng integrated community development programe ការសិក្សាពីកម្មវិធីអភិវឌ្ឍន៍សហគមន៍ចំរុះរបស់ស៊ីដសេ-ស្វាយរៀង | ||
| 260 |
_aPhnom Penh _bRUA _c1999 |
||
| 300 |
_a52p. _bill. _c29cm. |
||
| 942 |
_2ddc _cAGR |
||
| 999 |
_c435 _d435 |
||